[Event "29. Friedensfest-Open (AFRO-A)"]
[Site "Augsburg"]
[Date "2024.08.11"]
[Round "7.7"]
[White "Seyb, Dieter"]
[Black "Steinberger, Michael"]
[Result "1-0"]
[WhiteElo "2138"]
[BlackElo "1819"]
[EventDate "2024.08.08"]
[Time "09:30:00"]
[WhiteNrv "2138"]
[BlackNrv "1819"]
[WhiteTwz "2138"]
[BlackTwz "1819"]
[WhiteTitle "FM"]
[WhiteFideId "4603346"]
[BlackFideId "34622373"]
[WhiteNatFedId "10207061"]
[BlackNatFedId "10612014"]
[WhiteAttr "M"]
[BlackAttr "M"]
[WhiteTeam "FSV Grossenseebach"]
[BlackTeam "SF Augsburg"]
[PlyCount "0"]

1.e4 c5 2.Nf3 e6 3.d4 cxd4 4.Nxd4 Nf6 5.Nc3 Nc6 6.Nxc6 bxc6 7.e5 Nd5 8.Ne4
Bb7 9.Be2 c5 10.O-O Qc7 11.Nd6+ Bxd6 12.exd6 Qc6 13.f3 c4 14.Qd4 O-O 15.
Bxc4 Qxd6 16.b3 a5 17.Bb2 Qb6 18.Bb5 d6 19.Qxb6 Nxb6 20.c4 Ba6 21.a4 Rfd8 
22.Rfd1 Bxb5 23.axb5 a4 24.Bd4 Rdb8 25.Bxb6 Rxb6 26.bxa4 Ra5 27.c5 1-0

[Event "29. Friedensfest-Open (AFRO-A)"]
[Site "Augsburg"]
[Date "2024.08.11"]
[Round "7.8"]
[White "Foerch, Benedikt"]
[Black "Zieringer, Sebastian"]
[Result "1-0"]
[WhiteElo "2102"]
[BlackElo "1892"]
[EventDate "2024.08.08"]
[Time "09:30:00"]
[WhiteNrv "2102"]
[BlackNrv "1892"]
[WhiteTwz "2102"]
[BlackTwz "1892"]
[WhiteFideId "16228758"]
[BlackFideId "16222008"]
[WhiteNatFedId "10052041"]
[BlackNatFedId "10288090"]
[WhiteAttr "M"]
[BlackAttr "M"]
[WhiteTeam "SK Neuburg"]
[BlackTeam "SK Graefelfing"]
[PlyCount "0"]

1.Nf3 Nf6 2.g3 b6 3.Bg2 Bb7 4.O-O e6 5.c4 Be7 6.b3 O-O 7.d3 c5 8.e3 Nc6 9.
Qe2 d5 10.Na3 d4 11.e4 e5 12.Bh3 Bc8 13.Bxc8 Rxc8 14.Nh4 Ne8 15.Nf5 Nd6 
16.Nxd6 Qxd6 17.f4 f5 18.exf5 Rxf5 19.g4 Rff8 20.f5 Qd8 21.Nb1 Bg5 22.Nd2 
Bxd2 23.Bxd2 Qh4 24.Rae1 Rce8 25.Qe4 Nd8 26.Re2 Kh8 27.Be1 Qg5 28.h4 Qe7 
29.Bg3 Nf7 30.Qf3 h6 31.Qd5 Qf6 32.Qh1 Kg8 33.Qb7 Re7 34.Qd5 Rfe8 35.Kg2 
Rd8 36.Qf3 Rde8 37.Rfe1 Kh8 38.a3 Kh7 39.b4 Rd8 40.Rh1 Kg8 41.Rhe1 Kh7 42.
Kg1 Kg8 43.Qg2 Kh7 44.Qh2 Rde8 45.Qh3 Kg8 46.Qg2 Rd8 47.b5 Kh7 48.a4 Kg8 
49.Kf1 Kh7 50.h5 Kg8 51.Qh2 Rde8 52.Bh4 Ng5 53.Qg2 Rd8 54.Re4 Rde8 55.Ra1 
Kh7 56.a5 Qd6 57.Bxg5 hxg5 58.axb6 axb6 59.Ra6 Qc7 60.Qd2 Kh6 61.Qc1 Qd6 
62.Qa3 Qc7 63.Kg2 Kh7 64.Qc1 Kh6 65.Kf3 Qd6 66.Kg3 Qc7 67.Qe1 Qd6 68.Qf2 
Rf8 69.Qf3 Kh7 70.Qg2 Rfe8 71.Kh3 Rd8 72.Qd2 Kh6 73.Kg2 Rde8 74.Kf1 Rd8 
75.Ke1 Rde8 76.Kd1 Rd8 77.Qh2 Rde8 78.Qg2 Rd8 79.Re2 Rc7 80.Qe4 Re8 81.Qd5
Qf6 82.Re4 Kh7 83.Ke2 Kh6 84.Kf3 Kh7 85.Kf2 Kh6 86.Kg3 Kh7 87.Kf3 Kh8 88.
Re2 Kh7 89.Re1 Kh6 90.Ra8 Rxa8 91.Qxa8 Kh7 92.Qe8 Re7 93.Qg6+ Qxg6 94.
hxg6+ Kg8 95.Ra1 Re8 96.Ke4 Kf8 97.Ra6 Rb8 98.Ra7 Rd8 99.Rf7+ Kg8 100.Rb7 
Kf8 101.Rxb6 Ra8 102.Ra6 1-0

[Event "29. Friedensfest-Open (AFRO-A)"]
[Site "Augsburg"]
[Date "2024.08.11"]
[Round "7.9"]
[White "Latka, Robert"]
[Black "Duong, Quang Bach"]
[Result "0-1"]
[WhiteElo "1837"]
[BlackElo "2100"]
[EventDate "2024.08.08"]
[Time "09:30:00"]
[WhiteNrv "1837"]
[BlackNrv "2100"]
[WhiteTwz "1837"]
[BlackTwz "2100"]
[WhiteFideId "24690074"]
[BlackFideId "16287045"]
[WhiteNatFedId "10124815"]
[BlackNatFedId "10626174"]
[WhiteAttr "M"]
[BlackAttr "M"]
[WhiteTeam "fuss brothers Jena"]
[BlackTeam "SF Augsburg"]
[PlyCount "0"]

1.e4 c5 2.Nf3 Nc6 3.d4 cxd4 4.Nxd4 Nf6 5.Nc3 e5 6.Ndb5 d6 7.Bg5 a6 8.Bxf6 
gxf6 9.Na3 b5 10.Nd5 Bg7 11.c3 f5 12.Bd3 fxe4 13.Bxe4 O-O 14.Nb4 Nxb4 15.
Bxa8 Bf5 16.cxb4 Qxa8 17.O-O d5 18.Nc2 d4 19.Qd2 Qc6 20.Rac1 Qg6 21.f4 Rc8
22.Ne1 Rxc1 23.Qxc1 e4 24.Qc7 d3 25.Qd8+ Bf8 26.g3 Bh3 27.Ng2 h6 28.Re1 
Qg7 29.Rxe4 Qxb2 30.Qxd3 Qxg2# 0-1

[Event "29. Friedensfest-Open (AFRO-A)"]
[Site "Augsburg"]
[Date "2024.08.11"]
[Round "7.10"]
[White "Blodig, Vincent"]
[Black "Thielke, Pascal"]
[Result "1/2-1/2"]
[WhiteElo "2034"]
[BlackElo "1779"]
[EventDate "2024.08.08"]
[Time "09:30:00"]
[WhiteNrv "2034"]
[BlackNrv "1779"]
[WhiteTwz "2034"]
[BlackTwz "1779"]
[WhiteFideId "16297857"]
[BlackFideId "16241576"]
[WhiteNatFedId "10680650"]
[BlackNatFedId "10579625"]
[WhiteAttr "M"]
[BlackAttr "M"]
[WhiteTeam "SF Augsburg"]
[BlackTeam "SF Bad Groenenbach"]
[PlyCount "0"]

1.e4 c5 2.Nf3 d6 3.d4 cxd4 4.Nxd4 Nf6 5.Nc3 g6 6.Be3 Bg7 7.f3 O-O 8.Qd2 
Nc6 9.g4 Bd7 10.h4 Rc8 11.O-O-O Ne5 12.h5 Qa5 13.Kb1 Nxf3 14.Nxf3 Rxc3 15.
Qxc3 Qxc3 16.bxc3 Bxg4 17.h6 Bxf3 18.hxg7 Rc8 19.Bd3 Bxh1 20.Rxh1 Nd7 21.
Kb2 b6 22.c4 Nc5 23.Kc3 h5 24.Kb4 Kxg7 25.a4 f6 26.Kb5 Rc7 1/2-1/2

[Event "29. Friedensfest-Open (AFRO-A)"]
[Site "Augsburg"]
[Date "2024.08.11"]
[Round "7.11"]
[White "Longo, Massimo"]
[Black "Lichtenstern, Benjamin"]
[Result "1-0"]
[WhiteElo "1972"]
[BlackElo "2070"]
[EventDate "2024.08.08"]
[Time "09:30:00"]
[WhiteNrv "1972"]
[BlackNrv "2070"]
[WhiteTwz "1972"]
[BlackTwz "2070"]
[WhiteFideId "16205227"]
[BlackFideId "24627020"]
[WhiteNatFedId "10270052"]
[BlackNatFedId "10128465"]
[WhiteAttr "M"]
[BlackAttr "M"]
[WhiteTeam "SK Graefelfing"]
[BlackTeam "FC Bayern Muenchen e.V."]
[PlyCount "0"]

1.d4 d5 2.Nf3 Nf6 3.e3 e6 4.Bd3 Nbd7 5.b3 Bd6 6.Bb2 b6 7.O-O Bb7 8.Nbd2 
Ne4 9.Ne5 Qe7 10.Nxe4 dxe4 11.Bb5 Bxe5 12.dxe5 c6 13.Be2 Qg5 14.Qd4 c5 15.
Qa4 O-O-O 16.Qxa7 Kc7 17.Ba6 Rb8 18.Rad1 Nxe5 19.Bxe5+ Qxe5 20.Bxb7 Rxb7 
21.Rd7+ Kxd7 22.Qxb7+ 1-0

[Event "29. Friedensfest-Open (AFRO-A)"]
[Site "Augsburg"]
[Date "2024.08.11"]
[Round "7.12"]
[White "Kaufmann, Thorsten"]
[Black "Langner, Robin"]
[Result "0-1"]
[WhiteElo "2057"]
[BlackElo "1968"]
[EventDate "2024.08.08"]
[Time "09:30:00"]
[WhiteNrv "2057"]
[BlackNrv "1968"]
[WhiteTwz "2057"]
[BlackTwz "1968"]
[WhiteFideId "24647950"]
[BlackFideId "34606190"]
[WhiteNatFedId "10101131"]
[BlackNatFedId "10724137"]
[WhiteAttr "M"]
[BlackAttr "M"]
[WhiteTeam "SK Sontheim/Brenz e.V."]
[BlackTeam "SK Freiburg-Zaehringen 1887 e.V."]
[PlyCount "0"]

1.e4 c5 2.Nf3 d6 3.d4 cxd4 4.Nxd4 Nf6 5.Nc3 a6 6.Bg5 e6 7.f4 h6 8.Bh4 Nbd7
9.Qf3 e5 10.Nf5 exf4 11.O-O-O g5 12.Bf2 Ne5 13.Qe2 Bxf5 14.exf5 Bg7 15.Bc5
O-O 16.Bxd6 Neg4 17.Bxf8 Qxf8 18.h3 Ne3 19.Rd3 Nxf5 20.Qf2 Qb4 21.Qd2 Ne4 
22.Nxe4 Bxb2+ 23.Kd1 Qxe4 24.Rf3 Ne3+ 25.Rxe3 fxe3 26.Bd3 exd2 27.Bxe4 Re8
28.Bd3 Bc3 29.Be2 Re6 0-1

[Event "29. Friedensfest-Open (AFRO-A)"]
[Site "Augsburg"]
[Date "2024.08.11"]
[Round "7.13"]
[White "Merkel, Luis"]
[Black "Eichschmied, Patrick"]
[Result "1/2-1/2"]
[WhiteElo "2053"]
[BlackElo "1956"]
[EventDate "2024.08.08"]
[Time "09:30:00"]
[WhiteNrv "2053"]
[BlackNrv "1956"]
[WhiteTwz "2053"]
[BlackTwz "1956"]
[WhiteFideId "12972800"]
[BlackFideId "24683663"]
[WhiteNatFedId "10407203"]
[BlackNatFedId "10043123"]
[WhiteAttr "M"]
[BlackAttr "M"]
[WhiteTeam "SG Buechenbach/Roth e.V."]
[BlackTeam "MTV Ingolstadt"]
[PlyCount "0"]

1.d4 Nf6 2.c4 e6 3.Nf3 d5 4.g3 dxc4 5.Bg2 c5 6.O-O Nc6 7.dxc5 Qxd1 8.Rxd1 
Bxc5 9.Nbd2 c3 10.bxc3 O-O 11.Nb3 Be7 12.Nfd4 Nxd4 13.cxd4 Nd5 14.Bd2 f5 
15.Na5 Bf6 16.e3 b6 17.Nc6 Bb7 18.Nb4 Rfc8 19.a4 a6 20.Rdb1 Rab8 21.Nxd5 
Bxd5 22.Bxd5 exd5 23.Rb3 Kf7 24.Rab1 Bd8 25.Bb4 Rc6 26.Ba5 Ke6 27.Kg2 Bc7 
28.Kf3 Kd7 29.R1b2 Kc8 30.Rc3 Rxc3 31.Bxc3 Kd7 32.Bb4 Re8 33.Rc2 Re6 34.h3
1/2-1/2

[Event "29. Friedensfest-Open (AFRO-A)"]
[Site "Augsburg"]
[Date "2024.08.11"]
[Round "7.14"]
[White "Watzenberger, Stefan"]
[Black "Dauer, Maximilian"]
[Result "1/2-1/2"]
[WhiteElo "2051"]
[BlackElo "1948"]
[EventDate "2024.08.08"]
[Time "09:30:00"]
[WhiteNrv "2051"]
[BlackNrv "1948"]
[WhiteTwz "2051"]
[BlackTwz "1948"]
[WhiteFideId "12941875"]
[BlackFideId "1270802"]
[WhiteNatFedId "10235251"]
[BlackNatFedId "10033526"]
[WhiteAttr "M"]
[BlackAttr "M"]
[WhiteTeam "SC Sendling e.V."]
[BlackTeam "Spgem Koetz/Ichenhausen"]
[PlyCount "0"]

1.e4 c6 2.d4 d5 3.Nc3 dxe4 4.Nxe4 Bf5 5.Ng3 Bg6 6.h4 h6 7.Nf3 e6 8.h5 Bh7 
9.Bd3 Bxd3 10.Qxd3 Nf6 11.Bd2 c5 12.O-O-O Nc6 13.Qb5 Qb6 14.Qa4 O-O-O 15.
Be3 Nd5 16.dxc5 Bxc5 17.Bxc5 Qxc5 18.Ne4 Qb4 19.Qxb4 Ncxb4 20.a3 Nc6 21.g3
Kc7 22.c4 Nde7 23.Kc2 Nf5 24.Kc3 e5 25.b4 Nfd4 26.Nxd4 exd4+ 27.Kb3 Rhe8 
28.Rhe1 Re5 29.f4 Rxh5 30.c5 b5 31.Nd6 a6 32.Nxf7 1/2-1/2

[Event "29. Friedensfest-Open (AFRO-A)"]
[Site "Augsburg"]
[Date "2024.08.11"]
[Round "7.16"]
[White "Vranckx, Oscar"]
[Black "Gruettner, Ralf"]
[Result "0-1"]
[WhiteElo "1937"]
[BlackElo "1997"]
[EventDate "2024.08.08"]
[Time "09:30:00"]
[WhiteNrv "1937"]
[BlackNrv "1997"]
[WhiteTwz "1937"]
[BlackTwz "1997"]
[WhiteFideId "34608788"]
[BlackFideId "4638158"]
[WhiteNatFedId "10733103"]
[BlackNatFedId "10068500"]
[WhiteAttr "M"]
[BlackAttr "M"]
[WhiteTeam "Sfr.Mainz 1928"]
[BlackTeam "SK Freising"]
[PlyCount "0"]

1.e4 e5 2.Nf3 Nc6 3.Bc4 Bc5 4.d3 Nf6 5.O-O d6 6.h3 Be6 7.Bxe6 fxe6 8.Be3 
Bb6 9.c4 O-O 10.Re1 Nh5 11.Nc3 Qf6 12.Ne2 Rf7 13.d4 Qg6 14.Nh4 Qxe4 15.Bg5
h6 16.Ng3 Qh7 17.Qxh5 hxg5 18.Qxh7+ Kxh7 19.Nf3 Rxf3 20.gxf3 Nxd4 21.Red1 
Nxf3+ 22.Kg2 Rf8 23.Ne4 Rf4 24.c5 dxc5 25.Ng3 c4 26.Rd7 Nh4+ 27.Kh1 Rxf2 
28.Rf1 Rxf1+ 29.Nxf1 e4 30.Ng3 Nf5 31.Nxe4 Kg6 32.Kg2 Ne3+ 33.Kf3 Nd5 34.
Nc3 Nxc3 35.bxc3 Kf6 36.Ke4 a5 37.Rd8 Bc5 38.Rc8 Bd6 39.a4 b6 40.Kd4 Kf5 
41.Kxc4 g4 42.hxg4+ Kxg4 43.Kd4 Kf4 44.Re8 e5+ 45.Kd5 g5 46.Re6 g4 47.Rf6+
Ke3 48.Rg6 Kf3 49.Rf6+ Kg2 50.Ke4 g3 51.Rg6 Kf2 52.Rf6+ Kg1 53.Rg6 g2 54.
Rg7 Bc5 55.Kf3 Kf1 0-1

[Event "29. Friedensfest-Open (AFRO-A)"]
[Site "Augsburg"]
[Date "2024.08.11"]
[Round "7.17"]
[White "Luhn, Robert"]
[Black "Haselbeck, Franz"]
[Result "0-1"]
[WhiteElo "1996"]
[BlackElo "1929"]
[EventDate "2024.08.08"]
[Time "09:30:00"]
[WhiteNrv "1996"]
[BlackNrv "1929"]
[WhiteTwz "1996"]
[BlackTwz "1929"]
[WhiteFideId "4683498"]
[BlackFideId "1270356"]
[WhiteNatFedId "10133213"]
[BlackNatFedId "10075444"]
[WhiteAttr "M"]
[BlackAttr "M"]
[WhiteTeam "SK Caissa Augsburg"]
[BlackTeam "SG Traunstein/Traunreut e.V."]
[PlyCount "0"]

1.d4 Nf6 2.Nf3 c5 3.d5 e6 4.c4 exd5 5.cxd5 d6 6.Nc3 g6 7.e4 a6 8.a4 Bg4 9.
Be2 Bxf3 10.Bxf3 Bg7 11.Bf4 Qe7 12.O-O O-O 13.Re1 Nbd7 14.h3 Ne5 15.Be2 
Nfd7 16.Be3 g5 17.Qd2 h6 18.h4 g4 19.g3 Qf6 20.Kg2 Nf3 21.Bxf3 gxf3+ 22.
Kg1 Ne5 23.Bf4 Qg6 24.Nd1 Kh7 25.Qc2 Rg8 26.Ne3 c4 27.Bxe5 Bxe5 28.Nf5 Qg4
29.Ra3 c3 30.Rxc3 Bxc3 31.Qxc3 Rac8 32.Qf6 Qg6 33.Qd4 Rge8 34.Re3 Rc1+ 35.
Kh2 Qg4 36.Rxf3 Rxe4 37.Qd3 Rh1+ 0-1

[Event "29. Friedensfest-Open (AFRO-A)"]
[Site "Augsburg"]
[Date "2024.08.11"]
[Round "7.18"]
[White "Yaroshenko, Yaroslav"]
[Black "Brand, Leonhard"]
[Result "0-1"]
[WhiteElo "1899"]
[BlackElo "1981"]
[EventDate "2024.08.08"]
[Time "09:30:00"]
[WhiteNrv "1899"]
[BlackNrv "1981"]
[WhiteTwz "1899"]
[BlackTwz "1981"]
[WhiteFideId "16204905"]
[BlackFideId "34649646"]
[WhiteNatFedId "10277356"]
[BlackNatFedId "10655780"]
[WhiteAttr "M"]
[BlackAttr "M"]
[WhiteTeam "SK Graefelfing"]
[BlackTeam "SK Freising"]
[PlyCount "0"]

1.e4 e6 2.d4 d5 3.Nc3 Bb4 4.Ne2 dxe4 5.a3 Bxc3+ 6.Nxc3 Nc6 7.Bb5 Ne7 8.Be3
O-O 9.Nxe4 f5 10.Nc5 f4 11.Bd2 Qxd4 12.Nd3 Qe4+ 13.Kf1 f3 14.g3 e5 15.h4 
Nd4 16.Bc4+ Kh8 17.Ne1 Nec6 18.c3 Ne2 19.Bd3 Qg4 20.Nc2 Nxg3+ 0-1

[Event "29. Friedensfest-Open (AFRO-A)"]
[Site "Augsburg"]
[Date "2024.08.11"]
[Round "7.19"]
[White "Li, Yunqi"]
[Black "Heilig, Tim Markus"]
[Result "1/2-1/2"]
[WhiteElo "1975"]
[BlackElo "1851"]
[EventDate "2024.08.08"]
[Time "09:30:00"]
[WhiteNrv "1975"]
[BlackNrv "1851"]
[WhiteTwz "1975"]
[BlackTwz "1851"]
[WhiteFideId "34610618"]
[BlackFideId "16295935"]
[WhiteNatFedId "10754717"]
[BlackNatFedId "10692999"]
[WhiteAttr "M"]
[BlackAttr "M"]
[WhiteTeam "SF 59 Kornwestheim"]
[BlackTeam "SF 1876 Goeppingen"]
[PlyCount "0"]

1.d4 a6 2.c4 e6 3.Nf3 b5 4.cxb5 axb5 5.Bf4 Nf6 6.Nbd2 Bb7 7.e3 b4 8.Bd3 
Be7 9.h3 O-O 10.O-O Na6 11.Rc1 c5 12.Re1 d6 13.Bb1 Rc8 14.Qe2 cxd4 15.exd4
Nc7 16.Nb3 Ncd5 17.Bd2 Qb6 18.Ng5 Qa6 19.Qxa6 Bxa6 1/2-1/2

[Event "29. Friedensfest-Open (AFRO-A)"]
[Site "Augsburg"]
[Date "2024.08.11"]
[Round "7.20"]
[White "Bodriyenko, Markiyan"]
[Black "Yin, Stanley"]
[Result "1-0"]
[WhiteElo "1889"]
[BlackElo "1975"]
[EventDate "2024.08.08"]
[Time "09:30:00"]
[WhiteNrv "1889"]
[BlackNrv "1975"]
[WhiteTwz "1889"]
[BlackTwz "1975"]
[WhiteFideId "34606696"]
[BlackFideId "24622729"]
[WhiteNatFedId "10682789"]
[BlackNatFedId "10248263"]
[WhiteAttr "M"]
[BlackAttr "M"]
[WhiteTeam "SF 59 Kornwestheim"]
[BlackTeam "SC Thallichtenberg"]
[PlyCount "0"]

1.e4 d6 2.d4 e5 3.Nf3 Nd7 4.Bc4 Be7 5.c3 Ngf6 6.Nbd2 O-O 7.O-O a5 8.a4 h6 
9.h3 d5 10.Bxd5 Nxd5 11.exd5 exd4 12.Nxd4 Nc5 13.Qf3 Ra6 14.Ne4 Nxe4 15.
Qxe4 Rg6 16.Kh1 Bd6 17.f4 Re8 18.Qf3 Qh4 19.Kh2 Re1 20.Bd2 Rxa1 21.Rxa1 
Bg4 22.Qe3 Rf6 23.Qg3 Qxg3+ 24.Kxg3 Bd7 25.Nb5 Bf5 26.c4 Be4 27.Nxd6 Rxd6 
28.Bxa5 Rg6+ 29.Kf2 Rxg2+ 30.Ke3 Bf5 31.Bxc7 Rxb2 32.c5 Rb4 33.d6 Kf8 34.
a5 Re4+ 35.Kf3 Rc4 36.a6 bxa6 37.Rxa6 Rc3+ 38.Kf2 Ke8 39.c6 1-0

[Event "29. Friedensfest-Open (AFRO-A)"]
[Site "Augsburg"]
[Date "2024.08.11"]
[Round "7.21"]
[White "Franke, Maximilian"]
[Black "Seisenberger, Georg"]
[Result "1-0"]
[WhiteElo "1834"]
[BlackElo "2031"]
[EventDate "2024.08.08"]
[Time "09:30:00"]
[WhiteNrv "1834"]
[BlackNrv "2031"]
[WhiteTwz "1834"]
[BlackTwz "2031"]
[WhiteFideId "16271114"]
[BlackFideId "12903574"]
[WhiteNatFedId "10053132"]
[BlackNatFedId "10206064"]
[WhiteAttr "M"]
[BlackAttr "M"]
[WhiteTeam "SC Bavaria Regensburg vo"]
[BlackTeam "SV Ilmmuenster"]
[PlyCount "0"]

1.e4 c5 2.Nf3 e6 3.g3 d5 4.exd5 exd5 5.d4 Nf6 6.Bg2 Be7 7.O-O O-O 8.a3 c4 
9.Nc3 Nc6 10.Re1 Re8 11.Ne5 Be6 12.Bf4 a6 13.h3 Rc8 14.Nxc4 Nxd4 15.Ne3 
Qb6 16.Be5 Nc6 17.Bxf6 Bxf6 18.Nexd5 Qd8 19.Nxf6+ Qxf6 20.Ne4 Qe7 21.Qd6 
Rcd8 22.Qxe7 Rxe7 23.Nc5 Rd2 24.Rad1 Rxd1 25.Rxd1 g6 26.Nxe6 fxe6 27.Bxc6 
bxc6 28.Rd6 Rc7 29.Rxe6 Kf7 30.Re4 c5 31.Kf1 Kf6 32.Ke2 Rd7 33.Ra4 Rd6 34.
Ke3 Ke5 35.f4+ Kd5 36.g4 Re6+ 37.Kd3 Rd6 38.c3 Rb6 39.c4+ Ke6 40.b4 Rd6+ 
41.Ke3 Rb6 42.Ke4 Kd6 43.Ra5 Rc6 44.Rxc5 1-0

[Event "29. Friedensfest-Open (AFRO-A)"]
[Site "Augsburg"]
[Date "2024.08.11"]
[Round "7.22"]
[White "Soergel, Thomas"]
[Black "Komarov, Jan"]
[Result "1-0"]
[WhiteElo "2010"]
[BlackElo "1888"]
[EventDate "2024.08.08"]
[Time "09:30:00"]
[WhiteNrv "2010"]
[BlackNrv "1888"]
[WhiteTwz "2010"]
[BlackTwz "1888"]
[WhiteFideId "4667980"]
[BlackFideId "12959430"]
[WhiteNatFedId "10209978"]
[BlackNatFedId "10407248"]
[WhiteAttr "M"]
[BlackAttr "M"]
[WhiteTeam "SK Graefelfing"]
[BlackTeam "SK Muenchen Suedost e.V."]
[PlyCount "0"]

1.c4 Nf6 2.Nc3 c5 3.g3 d5 4.cxd5 Nxd5 5.Bg2 Nc7 6.Nf3 Nc6 7.O-O e5 8.d3 
Be7 9.b3 O-O 10.Bb2 Be6 11.Qc1 f6 12.Rd1 Qd7 13.Rd2 Rac8 14.Qf1 b6 15.Rad1
Nd4 16.Ne1 Rfd8 17.e3 Nc6 18.Nc2 Nb4 19.Nxb4 cxb4 20.Nb1 Bg4 21.Rc1 Ne6 
22.Rc4 Ng5 23.f3 Bf5 24.h4 Nf7 25.d4 Rxc4 26.bxc4 exd4 27.Rxd4 Qc7 28.Kh2 
Rxd4 29.Bxd4 Bxb1 30.Qxb1 Qxc4 31.Qe4 Bf8 32.f4 Qxa2 33.Qb7 h6 34.Kh3 Qe6+
35.Kh2 Qe7 36.Qa8 g5 37.h5 Kg7 38.Qd5 Qd6 39.Qf5 Nh8 40.Be4 Kf7 41.Qh7+ 
Bg7 42.fxg5 hxg5 43.h6 Qf8 44.Bd5+ Ke8 45.hxg7 1-0

[Event "29. Friedensfest-Open (AFRO-A)"]
[Site "Augsburg"]
[Date "2024.08.11"]
[Round "7.23"]
[White "Struck, Christian"]
[Black "Mayer, Manuel"]
[Result "1-0"]
[WhiteElo "1965"]
[BlackElo "1832"]
[EventDate "2024.08.08"]
[Time "09:30:00"]
[WhiteNrv "1965"]
[BlackNrv "1832"]
[WhiteTwz "1965"]
[BlackTwz "1832"]
[WhiteFideId "16269497"]
[BlackFideId "34636838"]
[WhiteNatFedId "10218366"]
[BlackNatFedId "10762354"]
[WhiteAttr "M"]
[BlackAttr "M"]
[WhiteTeam "SF Augsburg"]
[BlackTeam "TSV Landsberg 1882"]
[PlyCount "0"]

1.e4 c5 2.Nf3 Nc6 3.c4 Nf6 4.Nc3 d6 5.d4 cxd4 6.Nxd4 g6 7.Be2 Bg7 8.Be3 
O-O 9.O-O Bd7 10.Rc1 Rc8 11.f3 Ne8 12.Nxc6 bxc6 13.Qd2 f5 14.Rfd1 c5 15.
Nd5 fxe4 16.fxe4 Nf6 17.e5 Ne4 18.Qc2 Bf5 19.Bd3 e6 20.Nf4 Ng5 21.Bxf5 
Rxf5 22.exd6 Be5 23.Ne2 Rb8 24.b3 Nf7 25.Ng3 Bxg3 26.hxg3 Nxd6 27.g4 Rf7 
28.Bxc5 Rd7 29.Qd3 Qg5 30.Bxd6 Rf8 31.c5 Rff7 32.Qe4 e5 33.Rf1 Qh6 34.Qa8+
1-0

[Event "29. Friedensfest-Open (AFRO-A)"]
[Site "Augsburg"]
[Date "2024.08.11"]
[Round "7.24"]
[White "Retzlaff, Kian"]
[Black "Glaab, Nikolai"]
[Result "1-0"]
[WhiteElo "1890"]
[BlackElo "1959"]
[EventDate "2024.08.08"]
[Time "09:30:00"]
[WhiteNrv "1890"]
[BlackNrv "1959"]
[WhiteTwz "1890"]
[BlackTwz "1959"]
[WhiteFideId "34606700"]
[BlackFideId "34614311"]
[WhiteNatFedId "10742727"]
[BlackNatFedId "10743024"]
[WhiteAttr "M"]
[BlackAttr "M"]
[WhiteTeam "SF 59 Kornwestheim"]
[BlackTeam "SK Koenigsbrunn"]
[PlyCount "0"]

1.e4 e6 2.d4 d5 3.Nc3 Bb4 4.Ne2 dxe4 5.a3 Bxc3+ 6.Nxc3 Nc6 7.Bb5 Ne7 8.Bg5
f6 9.Be3 O-O 10.O-O a6 11.Ba4 f5 12.Bg5 h6 13.Bxc6 hxg5 14.Ba4 Nd5 15.Ne2 
b5 16.Bb3 f4 17.Nc3 Nxc3 18.bxc3 Rf6 19.Qg4 Rh6 20.Rfe1 Kh8 21.Rxe4 e5 22.
Qe2 g4 23.Rxe5 Bd7 24.Re7 Rh5 25.d5 a5 26.Re1 Ra6 27.a4 Rah6 28.f3 Rxh2 
29.fxg4 f3 30.Re8+ Bxe8 31.Qxe8+ Qxe8 32.Rxe8+ Kh7 33.gxf3 Rh1+ 34.Kf2 
R6h2+ 35.Kg3 Rh3+ 36.Kf4 Rf1 37.Kg5 Rfxf3 38.d6 Rf6 39.dxc7 Rg6+ 40.Kf5 
Rf6+ 41.Ke4 Rxc3 42.c8=Q Rxc8 43.Rxc8 bxa4 44.Bxa4 1-0

[Event "29. Friedensfest-Open (AFRO-A)"]
[Site "Augsburg"]
[Date "2024.08.11"]
[Round "7.25"]
[White "Schindler, Alexander"]
[Black "Nezosi, Constantin"]
[Result "1/2-1/2"]
[WhiteElo "1956"]
[BlackElo "1738"]
[EventDate "2024.08.08"]
[Time "09:30:00"]
[WhiteNrv "1956"]
[BlackNrv "1738"]
[WhiteTwz "1956"]
[BlackTwz "1738"]
[WhiteFideId "16248295"]
[BlackFideId "36066974"]
[WhiteNatFedId "10270604"]
[WhiteAttr "M"]
[BlackAttr "M"]
[WhiteTeam "SF Augsburg"]
[BlackTeam "Vandeuvre Échecs"]
[PlyCount "0"]

1.e4 d5 2.exd5 Qxd5 3.Nc3 Qa5 4.Nf3 Nf6 5.Be2 Bf5 6.O-O e6 7.a3 c6 8.b3 
Nbd7 9.Bb2 Qc7 10.d4 Bd6 11.Re1 Nb6 12.Nb1 Nbd5 13.Nbd2 Nf4 14.Bf1 O-O-O 
15.Nc4 h5 16.Nxd6+ Qxd6 17.Ne5 Ng4 18.g3 Nxe5 19.dxe5 Qc5 20.Qc1 Ng6 21.c4
h4 22.b4 Qe7 23.Qe3 hxg3 24.hxg3 b6 25.Bg2 Rd3 26.Qe2 Qd7 27.Rad1 Rd8 28.
Rxd3 Qxd3 29.Bxc6 Qxe2 30.Rxe2 Rd1+ 31.Kg2 Bg4 32.f3 Bf5 33.Ba4 Rd8 34.Bc2
Ne7 35.g4 Bxc2 36.Rxc2 Kb7 37.Kg3 Rd1 38.Rh2 Rg1+ 39.Kf2 Rb1 40.Ke3 Re1+ 
41.Kd2 Rf1 42.Ke2 Rb1 43.Ke3 Kc6 44.Rd2 Re1+ 45.Kf2 Rb1 46.Bc3 Rc1 47.b5+ 
Kc7 48.Bb4 Ng6 49.Rd4 Kc8 50.f4 Rb1 51.Re4 Rb2+ 52.Ke3 Rb3+ 53.Kd4 Rf3 54.
f5 exf5 55.gxf5 Rxf5 56.e6 fxe6 57.Rxe6 Rf6 58.Rxf6 gxf6 59.Ke4 Ne5 60.c5 
bxc5 61.Bxc5 Kb7 62.Kf5 1/2-1/2

[Event "29. Friedensfest-Open (AFRO-A)"]
[Site "Augsburg"]
[Date "2024.08.11"]
[Round "7.26"]
[White "Iberl, Michael"]
[Black "Nagy, Peter"]
[Result "1-0"]
[WhiteElo "1953"]
[BlackElo "1814"]
[EventDate "2024.08.08"]
[Time "09:30:00"]
[WhiteNrv "1953"]
[BlackNrv "1814"]
[WhiteTwz "1953"]
[BlackTwz "1814"]
[WhiteFideId "4644085"]
[BlackFideId "34629211"]
[WhiteNatFedId "10091886"]
[BlackNatFedId "10793259"]
[WhiteAttr "M"]
[BlackAttr "M"]
[WhiteTeam "SF Dachau 1932 e.V."]
[BlackTeam "Rosenheimer-SV in der"]
[PlyCount "0"]

1.d4 c5 2.d5 Nf6 3.Bf4 e6 4.Nc3 exd5 5.Nxd5 Nxd5 6.Qxd5 Be7 7.e4 O-O 8.
O-O-O Nc6 9.c3 Qa5 10.g3 d6 11.Bh3 Ne5 12.Bxc8 Raxc8 13.Kb1 b5 14.Bxe5 
dxe5 15.Nf3 c4 16.Nxe5 Rc5 17.Nc6 Qc7 18.Nxe7+ Qxe7 19.Qd4 Rc7 20.f4 b4 
21.Rhe1 bxc3 22.Qxc3 Rb8 23.Re2 h6 24.Rd5 Rb4 25.Qe5 Qxe5 26.Rxe5 c3 27.b3
Rd4 28.Kc2 f6 29.Ra5 Kf7 30.e5 fxe5 31.Raxe5 Rd6 32.R5e3 Ra6 33.a4 Rac6 
34.Rd3 g5 35.f5 Kf6 36.g4 h5 37.h3 hxg4 38.hxg4 Rh7 39.Rxc3 Rxc3+ 40.Kxc3 
Rh3+ 41.Kc4 Rg3 42.Re6+ Kf7 43.Re4 Kf6 44.b4 1-0

[Event "29. Friedensfest-Open (AFRO-A)"]
[Site "Augsburg"]
[Date "2024.08.11"]
[Round "7.27"]
[White "Stempfle, Tobias"]
[Black "Fuertler, Oliver"]
[Result "1/2-1/2"]
[WhiteElo "1796"]
[BlackElo "1909"]
[EventDate "2024.08.08"]
[Time "09:30:00"]
[WhiteNrv "1796"]
[BlackNrv "1909"]
[WhiteTwz "1796"]
[BlackTwz "1909"]
[WhiteFideId "24698482"]
[BlackFideId "1682490"]
[WhiteNatFedId "10215172"]
[WhiteAttr "M"]
[BlackAttr "M"]
[WhiteTeam "SC Garching 1980 e.V."]
[BlackTeam "?"]
[PlyCount "0"]

1.d4 d5 2.c4 c6 3.cxd5 cxd5 4.Bf4 e6 5.e3 Nf6 6.Nc3 Bd6 7.Bd3 Nc6 8.Nf3 
O-O 9.O-O Qe7 10.Rc1 Bd7 11.Nb5 Bxf4 12.exf4 Nb4 13.a3 Nxd3 14.Qxd3 a6 15.
Nc3 Rac8 16.Ne5 Rc7 17.Rc2 Rfc8 18.Rfc1 Ne8 19.f5 Bc6 20.fxe6 Qxe6 21.Nxc6
Qxc6 22.Re1 Nd6 23.Rce2 g6 24.Qf3 Nf5 25.Qxd5 Qxd5 26.Nxd5 Rc2 27.g3 Nxd4 
28.Re8+ Kg7 29.Rxc8 Nf3+ 30.Kf1 Rxc8 31.Re7 Rc5 32.Kg2 Rxd5 33.Kxf3 Rb5 
34.b4 1/2-1/2